Statistics for Asian Countries with the Highest Average Elevation

Click here to take the quiz!

General Stats

  • This quiz has been taken 59 times
  • The average score is 8 of 10

Answer Stats

Average ElevationCountry% Correct
3,265 m (10,712 ft)Nepal
100%
3,280 m (10,761 ft)Bhutan
96%
1,840 m (6,037 ft)China
91%
1,885 m (6,184 ft)Afghanistan
79%
1,528 m (5,013 ft)Mongolia
79%
3,186 m (10,453 ft)Tajikistan
75%
2,988 m (9,803 ft)Kyrgyzstan
73%
1,792 m (5,879 ft)Armenia
71%
1,528 m (5,013 ft)Georgia
71%
1,305 m (4,281 ft)Iran
71%

Score Distribution

Percentile by Number Answered

Percent of People with Each Score

Your Score History

You have not taken this quiz